000 00606nam a22001697a 4500
008 160716b xxu||||| |||| 00| 0 eng d
020 _a9780374146597
082 _22008
_aDC 610.92
_bJ32i
100 _911508
_aJauhar, Sandeep
245 _aIntern:
_ba doctor's initiation/
_cSandeep Jauhar.
260 _aNew York:
_bFarrar, Straus & Giroux,
_cc2008.
300 _axvi, 299 pages
_c23 cm.
650 0 _911509
_aMedical students
_zUnited States
_xBiography
650 0 _911510
_aInterns (Medicine)
_zUnited States
_xBiography
650 0 _911511
_aResidents (Medicine)
_zUnited States
_xBiography
942 _2ddc
_cDC
999 _c3447
_d3447